000 01067pam a2200313 a 4500
999 _c4280
_d4280
003 OSt
005 20220321131740.0
008 831209s1984 paua b 001 0 eng
020 _a0721611850
040 _cDLC
050 1 0 _aRG629.B33
_bD38 1984
060 _aW1 MA492n v. 26
_aWQ 211 D257b
100 1 _aDavies, Pamela A.
245 1 0 _aBacterial infections in the fetus and newborn infant /
_cPamela A. Davies, Leif A. Gotherfors.
260 _aPhiladelphia :
_bSaunders,
_c1984.
300 _ax, 266 p. :
_bill. ;
_c27 cm.
440 0 _aMajor problems in clinical pediatrics ;
_vv. 26
504 _aIncludes bibliographies and index.
650 0 _aFetus
_xDiseases.
650 0 _aNewborn infants
_xDiseases.
650 0 _aBacterial diseases in children.
650 2 _aInfection
_xIn infancy and childhood.
650 2 _aFetal diseases.
650 2 _aInfant, Newborn, Diseases.
650 2 _aBacterial infections
_xIn infancy and childhood.
700 1 _aGothefors, Leif A.
906 _a7
_bcbc
_corignew
_d1
_eocip
_f19
_gy-gencatlg
942 _2lcc
_cBK
_nMM